000 00466nam a2200193Ia 4500
008 240510s9999 xx 000 0 und d
020 _a0000850123364
041 _aEng
082 _a005.37
082 _bF58
100 _aFOULGER, R.J.
245 0 _aProgramming embedded microprocessors : a high-level language solution
260 _bManchester : NCC
260 _c1982
300 _a240 p.
650 _aMICROPORCESSORS
942 _2ddc
942 _cLBK
999 _c26117
_d26117
945 _a1
_bMadushi Gamage
_c1
_dMadushi Gamage